Core concepts of management

Na minha lista:
Detalhes bibliográficos
Autor principal: Schermerhorn, John R.
Formato: Livro
Idioma:Undetermined
Publicado em: U.S.A. Wiley 2004
Assuntos:
Tags: Adicionar Tag
Sem tags, seja o primeiro a adicionar uma tag!
Thư viện lưu trữ: Trung tâm Học liệu Trường Đại học Cần Thơ
LEADER 00498nam a2200193Ia 4500
001 CTU_94661
008 210402s9999 xx 000 0 und d
020 |c 52.33 
082 |a 658 
082 |b S378 
100 |a Schermerhorn, John R. 
245 0 |a Core concepts of management 
245 0 |c John R. Schermerhorn 
260 |a U.S.A. 
260 |b Wiley 
260 |c 2004 
650 |a Management,Organization 
904 |i Tuyến 
980 |a Trung tâm Học liệu Trường Đại học Cần Thơ